Jaroslav Krejčí : Rakovník v proměnách času

Hlavní autor: Krejčí, Jaroslav, 1944-
Korporativní autor: Rabasova galerie (Rakovník, Česko)
Jazyk: Čeština
Vydáno: Rakovník : Rabasova galerie, 2015
Témata:
Fyzický popis: 80 nečíslovaných stran : ilustrace (některé barevné) ; 21 cm
Knihy
Uloženo v:
LEADER 02167nam a2200553 i 4500
001 nkc20162810820
003 CZ PrNK
005 20190212080540.0
007 ta
008 160628s2015 xr a e c 000 0dcze
020 |a 978-80-87406-50-2  |q (brožováno) 
040 |a OLA001  |b cze  |d ABA001  |e rda 
043 |a e-xr---  |b e-xr-st  |2 czenas 
045 |a w8y1 
072 7 |a 94(437)  |x Dějiny Česka a Slovenska  |2 Konspekt  |9 8 
080 |a 77.03  |2 MRF 
080 |a 77.039  |2 MRF 
080 |a 94(437.312)  |2 MRF 
080 |a (083.824)  |2 MRF 
100 1 |a Krejčí, Jaroslav,  |d 1944-  |7 mzk2016920771  |4 pht 
245 1 0 |a Jaroslav Krejčí :  |b Rakovník v proměnách času 
246 3 0 |a Rakovník v proměnách času 
264 1 |a Rakovník :  |b Rabasova galerie,  |c 2015 
300 |a 80 nečíslovaných stran :  |b ilustrace (některé barevné) ;  |c 21 cm 
336 |a text  |b txt  |2 rdacontent 
336 |a statický obraz  |b sti  |2 rdacontent 
337 |a bez média  |b n  |2 rdamedia 
338 |a svazek  |b nc  |2 rdacarrier 
500 |a Katalog výstavy pořádané Rabasovou galerií Rakovník ve dnech 13.11.-14.12.2014 
500 |a Bez textu 
500 |a 600 výtisků 
600 1 7 |a Krejčí, Jaroslav,  |d 1944-  |7 mzk2016920771  |2 czenas 
648 7 |a 19.-21. století  |7 ch757016  |2 czenas 
648 4 |a 1880-2014 
648 7 |a 20.-21. století  |7 ch462155  |2 czenas 
650 0 7 |a dokumentární fotografie  |7 ph119534  |z Česko  |y 20.-21. století  |2 czenas 
650 0 7 |a historické fotografie  |7 ph135159  |z Česko  |2 czenas 
650 0 9 |a documentary photography  |z Czechia  |y 20th-21st centuries  |2 eczenas 
650 0 9 |a historical photographs  |z Czechia  |2 eczenas 
651 7 |a Rakovník (Česko)  |7 ge130617  |x dějiny  |y 19.-21. století  |2 czenas 
651 9 |a Rakovník (Czechia)  |x history  |y 19th-21st centuries  |2 eczenas 
655 7 |a katalogy výstav  |7 fd132536  |2 czenas 
655 9 |a exhibition catalogs  |2 eczenas 
710 2 |a Rabasova galerie (Rakovník, Česko)  |7 ko2002161939  |4 orm  |4 isb 
910 2 |a BOA001  |b 2-1371.188 
990 |a BK 
995 |a 11 
991 |b 201607  |c NOV 
996 6 |b 2610675696  |c 2-1371.188  |l MZK  |r Sklad / do 1 hodiny  |n 0  |p p.v.  |w 001568491  |u 000010  |a 1  |e BOA001  |j MZK50  |s P